000 00739nam a2200253Ia 4500
003 OSt
005 20220926010208.0
006 a|||||r|||| 00| 0
007 ta
008 220923b |||||||| |||| 00| 0 eng d
020 _a0706911318
037 _cGeneral Book
040 _aRTL
_cRTL
_beng
041 _2eng
_aeng
082 _aY31:7:7.687.N7, M1
100 _aOyugi Walter Ouma
_9138451
245 0 _aRural development administration
_b A Kenyen experience
260 _a New Delhi
_bVikas Pub.
_c1981
300 _ax, 227p
_ccm.
500 _aBibliography: P 215-23
650 _aCommunity Development
942 _hY31:7:7.687.N7, M1
_cGB
_2CC
999 _c616627
_d616627